000 00527nam a22002177a 4500
020 _a950140577
080 _a343.1 B 454
245 _aCriminologìa y Dignidad Humana
_b(diàlogos)
250 _a2ª Ed.
260 _aBuenos Aires
_bDepalma
_c1991
300 _a200 P.
650 _xderechos humanos
650 _xcriminologìa
650 _xpolìtica criminal
650 _xsistema penal
650 _xdroga
700 _aBeristain, Antonio
700 _aNeuman, Elìas
945 _acd
_d2015-05-04
999 _c3835
_d234339
942 _6_